Multicultural counseling competencies : individual and organizational development /

Saved in:
Bibliographic Details
Other Authors: Sue, Derald Wing.
Format: Book
Language:English
Published: Thousand Oaks, Calif. : Sage, c1998.
Series:Multicultural aspects of counseling series ; v. 11.
Subjects:
Tags: Add Tag
No Tags, Be the first to tag this record!
LEADER 02246cam a2200397 a 4500
001 007776809-4
005 20020606104010.5
008 971118s1998 caua b 001 0 eng
010 |a  97045323 //r98 
020 |a 0803971303 (hardcover : alk. paper) 
020 |a 0803971311 (pbk. : alk. paper) 
035 0 |a ocm38024026 
040 |a DLC  |c DLC  |d DLC 
043 |a n-us--- 
050 0 0 |a BF637.C6  |b M837 1998 
060 0 0 |a 1999 E-776 
060 1 0 |a WM 18  |b M961 1998 
082 0 0 |a 158/.3  |2 21 
245 0 0 |a Multicultural counseling competencies :  |b individual and organizational development /  |c Derald Wing Sue ... [et al.]. 
260 |a Thousand Oaks, Calif. :  |b Sage,  |c c1998. 
300 |a xiv, 161 p. :  |b ill. ;  |c 24 cm. 
490 1 |a Multicultural aspects of counseling series ;  |v v. 11 
504 |a Includes bibliographical references (p. 137-147) and indexes. 
505 0 |a What is multiculturalism and multicultural counseling and therapy? -- Ethnocentric monoculturalism -- The profession's response to multiculturalism -- The multicultural counseling competencies -- Understanding the Euro-American worldview -- Understanding racial / ethnic minority worldviews -- Multicultural counseling competencies: Developing culturally appropriate intervention strategies -- Multicultural organizational development: Lessons from the community mental health movement -- Multicultural organizational development: Evolving toward organizational cultural competency -- Implementing personal, professional, and organizational multicultural competence -- Name index -- Subject index. 
650 0 |a Cross-cultural counseling  |z United States. 
650 0 |a Multiculturalism  |z United States. 
650 0 |a Counselors  |x Training of  |z United States. 
650 1 2 |a Counseling  |x education. 
650 2 2 |a Cultural Diversity. 
650 2 2 |a Professional Competence. 
700 1 |a Sue, Derald Wing. 
776 0 8 |i Online version:  |t Multicultural counseling competencies.  |d Thousand Oaks, Calif. : Sage, ©1998  |w (OCoLC)605365929 
776 0 8 |i Online version:  |t Multicultural counseling competencies.  |d Thousand Oaks, Calif. : Sage, ©1998  |w (OCoLC)630820321 
830 0 |a Multicultural aspects of counseling series ;  |v v. 11. 
988 |a 20020608 
906 |0 DLC